[Event "DEM U14w 2025"]
[Site "Willingen GER"]
[Date "2025.06.11"]
[Round "6"]
[White "Fruth, Julia"]
[Black "Margaryan, Mane"]
[Result "0-1"]
[Termination "normal"]
[Board "9"]
[WhiteElo "1659"]
[BlackElo "1519"]
[WhiteClock "00:27:46"]
[BlackClock "00:04:20"]
[PlyCount "134"]
[WhiteFideId "34603050"]
[BlackFideId "16268237"]
[EventCountry "GER"]
[EventRounds "9"]
[EventType "swiss"]
[EventDate "2025.06.07"]

1. e4 {[%clk 01:30:58]} {[%emt 00:00:01]} c5 {[%clk 01:30:56]} {[%emt
00:00:04]} 2. Nf3 {[%clk 01:31:21]} {[%emt 00:00:07]} e6 {[%clk 01:31:15]}
{[%emt 00:00:11]} 3. d4 {[%clk 01:31:45]} {[%emt 00:00:06]} cxd4 {[%clk
01:31:38]} {[%emt 00:00:07]} 4. Nxd4 {[%clk 01:32:07]} {[%emt 00:00:08]} Nf6
{[%clk 01:32:04]} {[%emt 00:00:04]} 5. Nc3 {[%clk 01:32:16]} {[%emt 00:00:21]}
Nc6 {[%clk 01:32:14]} {[%emt 00:00:21]} 6. a3 {[%clk 01:31:32]} {[%emt
00:01:13]} Bc5 {[%clk 01:28:35]} {[%emt 00:04:09]} 7. Be3 {[%clk 01:29:21]}
{[%emt 00:02:41]} Bb6 {[%clk 01:15:16]} {[%emt 00:13:49]} 8. f4 {[%clk
01:24:35]} {[%emt 00:05:16]} d6 {[%clk 01:10:22]} {[%emt 00:05:25]} 9. g4
{[%clk 01:20:08]} {[%emt 00:04:56]} e5 {[%clk 01:02:14]} {[%emt 00:08:38]} 10.
Nxc6 {[%clk 01:14:29]} {[%emt 00:06:09]} bxc6 {[%clk 01:01:58]} {[%emt
00:00:45]} 11. Bxb6 {[%clk 01:14:27]} {[%emt 00:00:33]} Qxb6 {[%clk 00:56:49]}
{[%emt 00:05:39]} 12. Qxd6 {[%clk 01:06:14]} {[%emt 00:08:43]} Nxg4 {[%clk
00:53:51]} {[%emt 00:03:28]} 13. Nd1 {[%clk 00:57:09]} {[%emt 00:09:35]} exf4
{[%clk 00:41:33]} {[%emt 00:12:48]} 14. Qxf4 {[%clk 00:53:40]} {[%emt
00:03:59]} Qa5+ {[%clk 00:39:41]} {[%emt 00:02:22]} 15. Nc3 {[%clk 00:52:13]}
{[%emt 00:01:57]} Qe5 {[%clk 00:32:21]} {[%emt 00:07:50]} 16. Qxe5+ {[%clk
00:48:43]} {[%emt 00:04:00]} Nxe5 {[%clk 00:32:43]} {[%emt 00:00:08]} 17. O-O-O
{[%clk 00:48:43]} {[%emt 00:00:30]} O-O {[%clk 00:31:56]} {[%emt 00:01:17]} 18.
Bg2 {[%clk 00:46:22]} {[%emt 00:02:51]} Rb8 {[%clk 00:24:57]} {[%emt 00:07:28]}
19. Rd4 {[%clk 00:41:39]} {[%emt 00:05:13]} Re8 {[%clk 00:20:28]} {[%emt
00:04:59]} 20. Rhd1 {[%clk 00:34:44]} {[%emt 00:07:25]} h6 {[%clk 00:16:31]}
{[%emt 00:04:28]} 21. Rd8 {[%clk 00:30:20]} {[%emt 00:04:53]} Bb7 {[%clk
00:14:51]} {[%emt 00:02:11]} 22. Rxe8+ {[%clk 00:28:57]} {[%emt 00:01:53]} Rxe8
{[%clk 00:15:11]} {[%emt 00:00:10]} 23. h3 {[%clk 00:25:41]} {[%emt 00:03:46]}
Kf8 {[%clk 00:10:56]} {[%emt 00:04:44]} 24. Na4 {[%clk 00:19:38]} {[%emt
00:06:34]} Nc4 {[%clk 00:06:54]} {[%emt 00:04:32]} 25. Rd3 {[%clk 00:17:31]}
{[%emt 00:02:37]} Ke7 {[%clk 00:03:04]} {[%emt 00:04:20]} 26. Nc5 {[%clk
00:15:00]} {[%emt 00:03:01]} Bc8 {[%clk 00:02:41]} {[%emt 00:00:53]} 27. Rc3
{[%clk 00:12:37]} {[%emt 00:02:52]} Ne5 {[%clk 00:02:36]} {[%emt 00:00:36]} 28.
Rb3 {[%clk 00:09:48]} {[%emt 00:03:17]} Kd6 {[%clk 00:01:43]} {[%emt 00:01:25]}
29. Nd3 {[%clk 00:08:17]} {[%emt 00:02:01]} Ng6 {[%emt 00:00:48]} 30. Rb8
{[%clk 00:06:55]} {[%emt 00:01:49]} Kc7 {[%clk 00:01:06]} {[%emt 00:00:51]} 31.
Rb3 {[%clk 00:06:46]} {[%emt 00:00:40]} Kd6 {[%clk 00:01:14]} {[%emt 00:00:22]}
32. Rc3 {[%clk 00:05:27]} {[%emt 00:01:49]} Bb7 {[%clk 00:01:05]} {[%emt
00:00:39]} 33. Nc5 {[%clk 00:04:37]} {[%emt 00:01:19]} Bc8 {[%clk 00:01:06]}
{[%emt 00:00:29]} 34. Nb3 {[%clk 00:04:23]} {[%emt 00:00:45]} Nf4 {[%clk
00:00:58]} {[%emt 00:00:38]} 35. Bf3 {[%clk 00:01:39]} {[%emt 00:03:15]} Bxh3
{[%clk 00:00:39]} {[%emt 00:00:48]} 36. e5+ {[%clk 00:01:23]} {[%emt 00:00:45]}
Rxe5 {[%clk 00:00:33]} {[%emt 00:00:36]} 37. Rxc6+ {[%clk 00:01:40]} {[%emt
00:00:13]} Kd7 {[%clk 00:00:32]} {[%emt 00:00:32]} 38. Nc5+ {[%clk 00:01:18]}
{[%emt 00:00:52]} Ke8 {[%clk 00:00:40]} {[%emt 00:00:22]} 39. Na6 {[%clk
00:00:33]} {[%emt 00:01:15]} g5 {[%clk 00:00:34]} {[%emt 00:00:36]} 40. Rc7
{[%clk 00:00:33]} {[%emt 00:00:30]} Re7 {[%clk 00:00:33]} {[%emt 00:00:31]} 41.
Bc6+ {[%clk 00:00:33]} {[%emt 00:00:30]} Kf8 {[%clk 00:29:01]} {[%emt
00:02:01]} 42. Rxe7 {[%clk 00:29:06]} {[%emt 00:01:57]} Kxe7 {[%clk 00:29:15]}
{[%emt 00:00:17]} 43. Be4 {[%clk 00:28:42]} {[%emt 00:00:53]} f5 {[%clk
00:24:35]} {[%emt 00:05:10]} 44. Bb7 {[%clk 00:28:46]} {[%emt 00:00:25]} g4
{[%clk 00:22:24]} {[%emt 00:02:42]} 45. c4 {[%clk 00:28:36]} {[%emt 00:00:40]}
g3 {[%clk 00:22:16]} {[%emt 00:00:39]} 46. c5 {[%clk 00:28:30]} {[%emt
00:00:36]} g2 {[%clk 00:22:02]} {[%emt 00:00:43]} 47. Bxg2 {[%clk 00:27:34]}
{[%emt 00:01:26]} Bxg2 {[%clk 00:22:06]} {[%emt 00:00:26]} 48. b4 {[%clk
00:27:57]} {[%emt 00:00:08]} Bb7 {[%clk 00:10:31]} {[%emt 00:12:04]} 49. Nc7
{[%clk 00:27:31]} {[%emt 00:00:56]} a6 {[%clk 00:09:10]} {[%emt 00:01:51]} 50.
a4 {[%clk 00:27:06]} {[%emt 00:00:55]} Kd7 {[%clk 00:06:14]} {[%emt 00:03:26]}
51. Nxa6 {[%clk 00:27:22]} {[%emt 00:00:13]} Bxa6 {[%clk 00:06:38]} {[%emt
00:00:07]} 52. b5 {[%clk 00:27:35]} {[%emt 00:00:17]} Bc8 {[%clk 00:05:53]}
{[%emt 00:01:15]} 53. a5 {[%clk 00:27:43]} {[%emt 00:00:22]} Nd3+ {[%clk
00:05:36]} {[%emt 00:00:47]} 54. Kd2 {[%clk 00:28:00]} {[%emt 00:00:13]} Nxc5
{[%clk 00:05:36]} {[%emt 00:00:31]} 55. Ke3 {[%clk 00:28:19]} {[%emt 00:00:10]}
h5 {[%clk 00:03:36]} {[%emt 00:02:30]} 56. Kf4 {[%clk 00:28:40]} {[%emt
00:00:09]} h4 {[%clk 00:03:46]} {[%emt 00:00:20]} 57. Kf3 {[%clk 00:29:01]}
{[%emt 00:00:10]} Ke6 {[%clk 00:02:38]} {[%emt 00:01:38]} 58. Kg2 {[%clk
00:26:40]} {[%emt 00:02:51]} Ke5 {[%clk 00:02:28]} {[%emt 00:00:40]} 59. a6
{[%clk 00:26:41]} {[%emt 00:00:28]} Kf4 {[%clk 00:01:57]} {[%emt 00:01:02]} 60.
a7 {[%clk 00:26:51]} {[%emt 00:00:20]} Bb7+ {[%clk 00:02:07]} {[%emt 00:00:19]}
61. Kh2 {[%clk 00:27:12]} {[%emt 00:01:44]} Ke3 {[%clk 00:04:29]} {[%emt
00:00:36]} 62. b6 {[%clk 00:26:58]} {[%emt 00:00:44]} f4 {[%clk 00:04:40]}
{[%emt 00:00:20]} 63. a8=Q {[%clk 00:26:43]} {[%emt 00:00:43]} Bxa8 {[%clk
00:04:58]} {[%emt 00:00:14]} 64. b7 {[%clk 00:27:01]} {[%emt 00:00:11]} Bxb7
{[%clk 00:05:23]} {[%emt 00:00:05]} 65. Kg1 {[%clk 00:27:14]} {[%emt 00:00:17]}
f3 {[%clk 00:03:57]} {[%emt 00:01:56]} 66. Kh1 {[%clk 00:27:23]} {[%emt
00:00:20]} f2+ {[%clk 00:04:02]} {[%emt 00:00:27]} 67. Kh2 {[%clk 00:27:46]}
{[%emt 00:00:06]} Ke2 {[%clk 00:04:20]} {[%emt 00:00:13]} 0-1

[Event "DEM U14w 2025"]
[Site "Willingen GER"]
[Date "2025.06.11"]
[Round "6"]
[White "Albrecht, Sidney Jenna"]
[Black "Frenzel, Qorianka"]
[Result "1/2-1/2"]
[Termination "normal"]
[Board "10"]
[WhiteElo "1504"]
[BlackElo "1650"]
[WhiteClock "00:11:04"]
[BlackClock "00:14:46"]
[PlyCount "109"]
[WhiteFideId "34660283"]
[BlackFideId "276294"]
[EventCountry "GER"]
[EventRounds "9"]
[EventType "swiss"]
[EventDate "2025.06.07"]

1. c4 {[%clk 01:30:58]} e6 {[%clk 01:30:48]} {[%emt 00:00:13]} 2. g3 {[%clk
01:31:09]} {[%emt 00:00:19]} d5 {[%clk 01:31:13]} {[%emt 00:00:05]} 3. Bg2
{[%clk 01:31:20]} {[%emt 00:00:18]} dxc4 {[%clk 01:31:38]} {[%emt 00:00:07]} 4.
Qa4+ {[%clk 01:31:42]} {[%emt 00:00:08]} c6 {[%clk 01:32:01]} {[%emt 00:00:07]}
5. Qxc4 {[%clk 01:32:03]} {[%emt 00:00:09]} b5 {[%clk 01:31:59]} {[%emt
00:00:32]} 6. Qc3 {[%clk 01:28:49]} {[%emt 00:03:44]} Bb7 {[%clk 01:30:43]}
{[%emt 00:01:45]} 7. Nf3 {[%clk 01:25:29]} {[%emt 00:03:50]} c5 {[%clk
01:29:30]} {[%emt 00:01:43]} 8. O-O {[%clk 01:20:03]} {[%emt 00:05:57]} Nd7
{[%clk 01:26:40]} {[%emt 00:03:20]} 9. d4 {[%clk 01:13:15]} {[%emt 00:07:17]}
c4 {[%clk 01:19:37]} {[%emt 00:07:33]} 10. Bf4 {[%clk 01:05:45]} {[%emt
00:07:59]} Ngf6 {[%clk 01:15:40]} {[%emt 00:04:28]} 11. Nbd2 {[%clk 00:59:52]}
{[%emt 00:06:23]} Nd5 {[%clk 01:11:30]} {[%emt 00:04:40]} 12. Qc2 {[%clk
00:57:09]} {[%emt 00:03:12]} Nxf4 {[%clk 01:10:27]} {[%emt 00:01:34]} 13. gxf4
{[%clk 00:57:14]} {[%emt 00:00:25]} Qf6 {[%clk 01:08:35]} {[%emt 00:02:23]} 14.
e3 {[%clk 00:54:08]} {[%emt 00:03:36]} h6 {[%clk 01:03:52]} {[%emt 00:05:13]}
15. Ne4 {[%clk 00:48:52]} {[%emt 00:05:45]} Qe7 {[%clk 00:49:49]} {[%emt
00:14:33]} 16. a3 {[%clk 00:36:23]} {[%emt 00:13:00]} f5 {[%clk 00:39:37]}
{[%emt 00:10:42]} 17. Nc3 {[%clk 00:33:24]} {[%emt 00:03:28]} a6 {[%clk
00:30:42]} {[%emt 00:09:26]} 18. Rad1 {[%clk 00:27:19]} {[%emt 00:06:35]} g5
{[%clk 00:21:42]} {[%emt 00:09:30]} 19. fxg5 {[%clk 00:22:42]} {[%emt
00:05:06]} hxg5 {[%clk 00:21:16]} {[%emt 00:00:56]} 20. h3 {[%clk 00:14:56]}
{[%emt 00:08:16]} g4 {[%clk 00:11:23]} {[%emt 00:10:24]} 21. hxg4 {[%clk
00:12:20]} {[%emt 00:03:05]} Bxf3 {[%clk 00:11:23]} {[%emt 00:00:30]} 22. Bxf3
{[%clk 00:12:19]} {[%emt 00:00:31]} Qh4 {[%clk 00:11:46]} {[%emt 00:00:07]} 23.
Rfe1 {[%clk 00:11:19]} {[%emt 00:01:30]} Ra7 {[%clk 00:07:25]} {[%emt
00:04:52]} 24. Kf1 {[%clk 00:09:41]} {[%emt 00:02:08]} Qf6 {[%clk 00:03:52]}
{[%emt 00:04:03]} 25. gxf5 {[%clk 00:07:43]} {[%emt 00:02:28]} exf5 {[%clk
00:02:54]} {[%emt 00:01:28]} 26. Nd5 {[%clk 00:06:46]} {[%emt 00:01:27]} Qg6
{[%clk 00:02:01]} {[%emt 00:01:23]} 27. e4 {[%clk 00:05:19]} {[%emt 00:01:56]}
Kd8 {[%clk 00:01:50]} {[%emt 00:00:43]} 28. exf5 {[%clk 00:04:27]} {[%emt
00:01:21]} Qf7 {[%clk 00:02:10]} {[%emt 00:00:09]} 29. Qe4 {[%clk 00:03:56]}
{[%emt 00:01:01]} Bd6 {[%clk 00:01:57]} {[%emt 00:00:44]} 30. Qe6 {[%clk
00:03:12]} {[%emt 00:01:13]} Qf8 {[%clk 00:01:33]} {[%emt 00:00:55]} 31. Nc3
{[%clk 00:02:20]} {[%emt 00:01:22]} Rc7 {[%clk 00:01:41]} {[%emt 00:00:22]} 32.
d5 {[%clk 00:02:13]} {[%emt 00:00:37]} Rh3 {[%clk 00:01:47]} {[%emt 00:00:24]}
33. Bg2 {[%clk 00:02:11]} {[%emt 00:00:31]} Rh6 {[%clk 00:02:12]} {[%emt
00:00:05]} 34. Qe3 {[%clk 00:02:04]} {[%emt 00:00:37]} Bc5 {[%clk 00:02:27]}
{[%emt 00:00:16]} 35. Qg5+ {[%clk 00:02:14]} {[%emt 00:00:20]} Kc8 {[%clk
00:02:40]} {[%emt 00:00:17]} 36. Qf4 {[%clk 00:01:43]} {[%emt 00:01:01]} Bd6
{[%clk 00:02:59]} {[%emt 00:00:12]} 37. Qe4 {[%clk 00:01:54]} {[%emt 00:00:18]}
Kb7 {[%clk 00:02:50]} {[%emt 00:00:39]} 38. Rd2 {[%clk 00:01:27]} {[%emt
00:00:57]} Nc5 {[%clk 00:02:57]} {[%emt 00:00:23]} 39. Qf3 {[%clk 00:01:27]}
{[%emt 00:00:30]} Nb3 {[%clk 00:02:55]} {[%emt 00:00:31]} 40. Rdd1 {[%clk
00:01:19]} {[%emt 00:00:38]} Rch7 {[%clk 00:02:59]} {[%emt 00:00:27]} 41. Re6
{[%clk 00:00:34]} {[%emt 00:01:15]} Rh4 {[%clk 00:02:42]} {[%emt 00:00:47]} 42.
Qe3 {[%clk 00:28:57]} {[%emt 00:02:06]} Bc5 {[%clk 00:31:25]} {[%emt 00:01:48]}
43. d6+ {[%clk 00:27:54]} {[%emt 00:01:33]} Ka7 {[%clk 00:31:14]} {[%emt
00:00:41]} 44. Qf3 {[%clk 00:26:11]} {[%emt 00:02:12]} Nd4 {[%clk 00:27:58]}
{[%emt 00:03:47]} 45. Re7+ {[%clk 00:23:11]} {[%emt 00:03:29]} Rxe7 {[%clk
00:27:18]} {[%emt 00:01:11]} 46. dxe7 {[%clk 00:23:26]} {[%emt 00:00:14]} Nxf3
{[%clk 00:24:53]} {[%emt 00:02:55]} 47. Rd7+ {[%clk 00:21:39]} {[%emt
00:02:17]} Kb6 {[%clk 00:23:53]} {[%emt 00:01:31]} 48. exf8=Q {[%clk 00:00:00]}
{[%emt 00:05:40]} Nh2+ {[%clk 00:25:19]} {[%emt 00:01:06]} 49. Ke2 {[%clk
00:19:23]} {[%emt 00:01:20]} Bxf8 {[%clk 00:25:20]} {[%emt 00:00:29]} 50. Rb7+
{[%clk 00:18:50]} {[%emt 00:01:02]} Kc5 {[%clk 00:23:29]} {[%emt 00:02:22]} 51.
Rf7 {[%clk 00:16:42]} {[%emt 00:02:38]} Rh8 {[%clk 00:22:29]} {[%emt 00:01:30]}
52. f3 {[%clk 00:13:45]} {[%emt 00:03:27]} Kd4 {[%clk 00:19:41]} {[%emt
00:03:18]} 53. Ne4 {[%clk 00:12:35]} {[%emt 00:01:40]} Rg8 {[%clk 00:16:15]}
{[%emt 00:03:57]} 54. Bh3 {[%clk 00:11:04]} {[%emt 00:02:00]} Rh8 {[%clk
00:14:46]} {[%emt 00:01:59]} 55. Bg2 1/2-1/2

[Event "DEM U14w 2025"]
[Site "Willingen GER"]
[Date "2025.06.11"]
[Round "6"]
[White "Shakhimardanova, Nigina"]
[Black "Fettan, Nua"]
[Result "0-1"]
[Termination "normal"]
[Board "11"]
[WhiteElo "1534"]
[BlackElo "1576"]
[WhiteClock "01:03:32"]
[BlackClock "00:34:22"]
[PlyCount "66"]
[WhiteFideId "34648437"]
[BlackFideId "34637362"]
[EventCountry "GER"]
[EventRounds "9"]
[EventType "swiss"]
[EventDate "2025.06.07"]

1. e4 {[%clk 01:30:59]} {[%emt 00:00:01]} e5 {[%clk 01:30:45]} {[%emt
00:00:15]} 2. Nf3 {[%clk 01:31:26]} {[%emt 00:00:03]} Nc6 {[%clk 01:31:00]}
{[%emt 00:00:15]} 3. d4 {[%clk 01:31:53]} {[%emt 00:00:02]} exd4 {[%clk
01:30:52]} {[%emt 00:00:39]} 4. Bc4 {[%clk 01:32:18]} {[%emt 00:00:05]} Nge7
{[%clk 01:24:05]} {[%emt 00:07:17]} 5. O-O {[%clk 01:30:23]} {[%emt 00:02:24]}
d6 {[%clk 01:16:26]} {[%emt 00:08:09]} 6. Ng5 {[%clk 01:30:23]} {[%emt
00:00:30]} Ne5 {[%clk 01:16:44]} {[%emt 00:00:12]} 7. Qxd4 {[%clk 01:27:47]}
{[%emt 00:03:06]} h6 {[%clk 01:15:01]} {[%emt 00:02:13]} 8. Nh3 {[%clk
01:26:50]} {[%emt 00:01:27]} Bxh3 {[%clk 01:15:23]} {[%emt 00:00:09]} 9. gxh3
{[%clk 01:27:13]} {[%emt 00:00:07]} Nf3+ {[%clk 01:15:47]} {[%emt 00:00:06]}
10. Kh1 {[%clk 01:25:57]} {[%emt 00:01:45]} Nxd4 {[%clk 01:16:10]} {[%emt
00:00:08]} 11. Nc3 {[%clk 01:23:33]} {[%emt 00:02:54]} Nec6 {[%clk 01:14:41]}
{[%emt 00:01:59]} 12. Bf4 {[%clk 01:22:37]} {[%emt 00:01:25]} Ne5 {[%clk
01:05:48]} {[%emt 00:09:23]} 13. Rad1 {[%clk 01:20:56]} {[%emt 00:02:11]} Ndf3
{[%clk 01:01:10]} {[%emt 00:05:09]} 14. Be2 {[%clk 01:20:20]} {[%emt 00:01:05]}
Qh4 {[%clk 00:57:02]} {[%emt 00:04:39]} 15. Bg3 {[%clk 01:16:09]} {[%emt
00:04:40]} Qxh3 {[%clk 00:56:23]} {[%emt 00:01:10]} 16. Nd5 {[%clk 01:15:25]}
{[%emt 00:01:14]} Rc8 {[%clk 00:50:29]} {[%emt 00:06:24]} 17. Nf4 {[%clk
01:13:37]} {[%emt 00:02:17]} Qd7 {[%clk 00:50:14]} {[%emt 00:00:46]} 18. Ng2
{[%clk 01:12:43]} {[%emt 00:01:23]} h5 {[%clk 00:50:13]} {[%emt 00:00:32]} 19.
Bxe5 {[%clk 01:11:31]} {[%emt 00:01:42]} Nxe5 {[%clk 00:50:31]} {[%emt
00:00:11]} 20. f4 {[%clk 01:11:56]} {[%emt 00:00:05]} Ng4 {[%clk 00:44:45]}
{[%emt 00:06:16]} 21. Rfe1 {[%clk 01:12:10]} {[%emt 00:00:15]} Nf2+ {[%clk
00:45:02]} {[%emt 00:00:14]} 22. Kg1 {[%clk 01:11:07]} {[%emt 00:01:32]} Nxd1
{[%clk 00:45:22]} {[%emt 00:00:12]} 23. Rxd1 {[%clk 01:08:48]} {[%emt
00:02:48]} c6 {[%clk 00:41:29]} {[%emt 00:04:24]} 24. e5 {[%clk 01:08:56]}
{[%emt 00:00:21]} d5 {[%clk 00:41:06]} {[%emt 00:00:51]} 25. Re1 {[%clk
01:06:45]} {[%emt 00:02:43]} Qc7 {[%clk 00:38:02]} {[%emt 00:03:32]} 26. e6
{[%clk 01:06:41]} {[%emt 00:00:37]} Bc5+ {[%clk 00:37:43]} {[%emt 00:00:50]}
27. Kh1 {[%clk 01:06:07]} {[%emt 00:01:01]} fxe6 {[%clk 00:35:57]} {[%emt
00:02:17]} 28. f5 {[%clk 01:05:59]} {[%emt 00:00:39]} e5 {[%clk 00:36:08]}
{[%emt 00:00:19]} 29. Bd1 {[%clk 01:04:48]} {[%emt 00:01:40]} e4 {[%clk
00:35:31]} {[%emt 00:01:07]} 30. Nh4 {[%clk 01:04:30]} {[%emt 00:00:49]} Bf2
{[%clk 00:35:40]} {[%emt 00:00:21]} 31. Ng6 {[%clk 01:03:49]} {[%emt 00:01:11]}
Bxe1 {[%clk 00:35:38]} {[%emt 00:00:32]} 32. Nxh8 {[%clk 01:04:12]} {[%emt
00:00:06]} Qf4 {[%clk 00:34:22]} {[%emt 00:01:46]} 33. Bxh5+ {[%clk 01:03:32]}
{[%emt 00:01:10]} Kd7 {[%emt 00:01:14]} 0-1

[Event "DEM U14w 2025"]
[Site "Willingen GER"]
[Date "2025.06.11"]
[Round "6"]
[White "Baklan, Kira"]
[Black "Mader, Theresa"]
[Result "1/2-1/2"]
[Termination "normal"]
[Board "12"]
[WhiteElo "1548"]
[BlackElo "1592"]
[WhiteClock "00:46:52"]
[BlackClock "00:27:30"]
[PlyCount "96"]
[WhiteFideId "34186514"]
[BlackFideId "34605657"]
[EventCountry "GER"]
[EventRounds "9"]
[EventType "swiss"]
[EventDate "2025.06.07"]

1. e4 {[%clk 01:30:58]} {[%emt 00:00:02]} c6 {[%clk 01:30:55]} {[%emt
00:00:06]} 2. Nf3 {[%clk 01:31:22]} {[%emt 00:00:06]} d5 {[%clk 01:31:17]}
{[%emt 00:00:08]} 3. Nc3 {[%clk 01:31:47]} {[%emt 00:00:06]} Bg4 {[%clk
01:30:32]} {[%emt 00:01:14]} 4. d3 {[%clk 01:30:44]} {[%emt 00:01:33]} e6
{[%clk 01:29:27]} {[%emt 00:01:35]} 5. Be2 {[%clk 01:30:08]} {[%emt 00:01:04]}
Bd6 {[%clk 01:22:57]} {[%emt 00:07:01]} 6. h3 {[%clk 01:27:07]} {[%emt
00:03:31]} Bh5 {[%clk 01:19:15]} {[%emt 00:04:12]} 7. O-O {[%clk 01:22:05]}
{[%emt 00:05:32]} Nd7 {[%clk 01:16:34]} {[%emt 00:03:12]} 8. Re1 {[%clk
01:16:54]} {[%emt 00:05:41]} Ne7 {[%clk 01:15:02]} {[%emt 00:02:02]} 9. Ng5
{[%clk 01:14:57]} {[%emt 00:02:27]} Bxe2 {[%clk 01:11:45]} {[%emt 00:03:46]}
10. Qxe2 {[%clk 01:15:09]} {[%emt 00:00:18]} h6 {[%clk 01:11:02]} {[%emt
00:01:14]} 11. Nf3 {[%clk 01:13:30]} {[%emt 00:02:08]} O-O {[%clk 01:09:52]}
{[%emt 00:01:40]} 12. Be3 {[%clk 01:10:07]} {[%emt 00:03:54]} a6 {[%clk
01:04:58]} {[%emt 00:05:24]} 13. Qd2 {[%clk 01:09:35]} {[%emt 00:01:02]} Ne5
{[%clk 00:58:26]} {[%emt 00:07:01]} 14. Nxe5 {[%clk 01:04:50]} {[%emt
00:05:15]} Bxe5 {[%clk 00:58:26]} {[%emt 00:00:31]} 15. d4 {[%clk 01:04:37]}
{[%emt 00:00:43]} Bc7 {[%clk 00:56:41]} {[%emt 00:02:14]} 16. e5 {[%clk
01:01:57]} {[%emt 00:03:09]} Nf5 {[%clk 00:55:47]} {[%emt 00:01:26]} 17. Ne2
{[%clk 00:59:42]} {[%emt 00:02:44]} Bb6 {[%clk 00:50:56]} {[%emt 00:05:22]} 18.
Ng3 {[%clk 00:57:01]} {[%emt 00:03:11]} Nxe3 {[%clk 00:48:04]} {[%emt
00:03:22]} 19. Qxe3 {[%clk 00:56:35]} {[%emt 00:00:55]} Qd7 {[%clk 00:42:02]}
{[%emt 00:06:33]} 20. Nh5 {[%clk 00:56:08]} {[%emt 00:00:57]} Kh8 {[%clk
00:40:43]} {[%emt 00:01:49]} 21. Qg3 {[%clk 00:53:17]} {[%emt 00:03:19]} Rg8
{[%clk 00:40:35]} {[%emt 00:00:39]} 22. Qf4 {[%clk 00:52:51]} {[%emt 00:00:57]}
c5 {[%clk 00:35:21]} {[%emt 00:05:44]} 23. Nf6 {[%clk 00:52:07]} {[%emt
00:01:13]} Qe7 {[%clk 00:33:18]} {[%emt 00:02:34]} 24. Nxg8 {[%clk 00:51:39]}
{[%emt 00:00:57]} Kxg8 {[%clk 00:33:26]} {[%emt 00:00:22]} 25. Re3 {[%clk
00:51:16]} {[%emt 00:00:53]} cxd4 {[%clk 00:31:39]} {[%emt 00:02:17]} 26. Rg3
{[%clk 00:51:31]} {[%emt 00:00:15]} Kh7 {[%clk 00:30:30]} {[%emt 00:01:39]} 27.
Rf3 {[%clk 00:47:14]} {[%emt 00:04:47]} Kg8 {[%clk 00:28:59]} {[%emt 00:02:01]}
28. g4 {[%clk 00:42:27]} {[%emt 00:05:16]} Rf8 {[%clk 00:27:32]} {[%emt
00:01:58]} 29. Kg2 {[%clk 00:39:50]} {[%emt 00:03:07]} Qh4 {[%clk 00:25:06]}
{[%emt 00:02:56]} 30. Qg3 {[%clk 00:38:53]} {[%emt 00:01:27]} Qxg3+ {[%clk
00:20:39]} {[%emt 00:04:57]} 31. Rxg3 {[%clk 00:37:36]} {[%emt 00:01:47]} Bc7
{[%clk 00:19:11]} {[%emt 00:01:59]} 32. Re1 {[%clk 00:36:19]} {[%emt 00:01:46]}
g6 {[%clk 00:18:04]} {[%emt 00:01:37]} 33. Rb3 {[%clk 00:36:15]} {[%emt
00:00:34]} b5 {[%clk 00:16:32]} {[%emt 00:02:02]} 34. Rd3 {[%clk 00:34:58]}
{[%emt 00:01:47]} Bb6 {[%clk 00:16:11]} {[%emt 00:00:52]} 35. Rc1 {[%clk
00:34:13]} {[%emt 00:01:15]} Rc8 {[%clk 00:09:03]} {[%emt 00:07:38]} 36. b3
{[%clk 00:31:46]} {[%emt 00:02:56]} Kf8 {[%clk 00:07:55]} {[%emt 00:01:38]} 37.
c3 {[%clk 00:31:46]} {[%emt 00:00:31]} Ke8 {[%clk 00:06:26]} {[%emt 00:01:58]}
38. f4 {[%clk 00:26:39]} {[%emt 00:05:36]} dxc3 {[%clk 00:04:23]} {[%emt
00:02:33]} 39. Rdxc3 {[%clk 00:26:41]} {[%emt 00:00:29]} Rxc3 {[%clk 00:04:40]}
{[%emt 00:00:14]} 40. Rxc3 {[%clk 00:27:07]} {[%emt 00:00:03]} Kd7 {[%clk
00:04:37]} {[%emt 00:00:33]} 41. h4 {[%clk 00:25:45]} {[%emt 00:01:52]} Bd8
{[%clk 00:01:24]} {[%emt 00:03:43]} 42. h5 {[%clk 00:25:13]} {[%emt 00:01:02]}
g5 {[%clk 00:00:39]} {[%emt 00:01:15]} 43. fxg5 {[%clk 00:25:11]} {[%emt
00:00:32]} Bxg5 {[%clk 00:00:58]} {[%emt 00:00:12]} 44. Rf3 {[%clk 00:24:45]}
{[%emt 00:00:55]} Ke8 {[%clk 00:29:57]} {[%emt 00:01:31]} 45. a4 {[%clk
00:52:06]} {[%emt 00:03:10]} b4 {[%clk 00:29:42]} {[%emt 00:00:44]} 46. a5
{[%clk 00:51:33]} {[%emt 00:01:02]} Bd2 {[%clk 00:28:39]} {[%emt 00:01:34]} 47.
Kh3 {[%clk 00:48:19]} {[%emt 00:03:44]} Bg5 {[%clk 00:28:25]} {[%emt 00:00:44]}
48. Rf2 {[%clk 00:46:52]} {[%emt 00:01:57]} Bd8 {[%clk 00:27:30]} {[%emt
00:01:25]} 1/2-1/2